000 00488nam a22001337a 4500
008 190222b xxu||||| |||| 00| 0 eng d
020 _a9788896501832
082 _a708
_bAN565a
100 _a"Latitudes" Andrews, Max y Cánepa Luna, Mariana (Curadores)
_96927
245 _aAmikejo
260 _aEspaña
_bMousse Publishing
_c2012
300 _a215 p.
_bill (col).
_c23,2 x 16,8 cm
650 _2Arte - contemporáneo
_vArte - exhibiciones
_xArte - instalaciones
_xArte - exhibición coleciva
_96928
999 _c1735
_d1735